Metódy a nástroje pre zvyšovanie inovačnej úrovne MSP v dodávateľskom sektore automobilového priemyslu dizertačná práca

Salvato in:
Dettagli Bibliografici
Autore principale: Ferencz, Vojtech
Ente Autore: Ekonomická univerzita v Bratislave. Podnikovohospodárska fakulta so sídlom v Košiciach
Altri autori: Mihok, Jozef
Natura: Libro
Lingua:slovacco
Pubblicazione: Bratislava 2010
Soggetti:
Tags: Aggiungi Tag
Nessun Tag, puoi essere il primo ad aggiungerne!!

MARC

LEADER 00000nam$a2200000$$$4500
001 0116912
005 20240502072314.0
041 0 |a slo 
044 |a SK 
245 1 0 |a Metódy a nástroje pre zvyšovanie inovačnej úrovne MSP v dodávateľskom sektore automobilového priemyslu  |b dizertačná práca  |c Vojtech Ferencz ; škol. Jozef Mihok 
264 1 |a Bratislava  |c 2010 
300 |a 125 s. 
610 2 0 |a inovácia 
610 2 0 |a inovácia výrobkov 
610 2 0 |a rozvoj vedeckotechnický 
610 2 0 |a potenciál vedeckotechnický 
610 2 0 |a podnik malý 
610 2 0 |a podnik stredný 
610 2 0 |a priemysel automobilový 
610 2 0 |a dodávatelia 
100 1 |a Ferencz, Vojtech 
700 1 |a Mihok, Jozef 
710 2 |a Ekonomická univerzita v Bratislave. Podnikovohospodárska fakulta so sídlom v Košiciach